000 00531nam a2200169Ia 4500
008 090123s9999 xx 000 0 und d
082 _b16677
100 _aइचनुर शांता
245 _aहिगोम्मे नेडदित्त
250 _a0
300 _a155
600 _aइचनुर शांता
630 _aहिगोम्मे नेडदित्त
700 _aइचनुर शांता
730 _aहिगोम्मे नेडदित्त
942 _cBOOK
999 _c54741
_d54741